Guess the 5 Seconds of Summer song with no hints #2 5SOS - Statistics

General Stats
  • This quiz has been taken 102 times
  • The average score is 137 of 233
Answer Stats
Answer % Correct
I
100%
You
96%
you
96%
you,
96%
the
92%
love
85%
and
84%
So
81%
your
81%
be
74%
in
73%
It
73%
it
73%
my
73%
We
73%
we
73%
heart
68%
don't
66%
can
65%
eyes
64%
out,
62%
like
61%
of
59%
take
59%
us
59%
we're
59%
but
58%
every
58%
just
58%
oh-oh
58%
too
58%
as
57%
time,
57%
day
55%
for
55%
know
55%
some
55%
all
54%
away
54%
have
54%
matter,
54%
matter
54%
stay
54%
get
53%
Got
53%
home
53%
Valentine,
53%
valentine
53%
light
51%
long
51%
dark
50%
with
50%
our
47%
Can't
46%
chocolate
46%
nothin'
46%
or
46%
together
46%
tonight
45%
pie
43%
sweet
43%
cherry
42%
Throw
42%
bears,
41%
chase
41%
classic
41%
gold
41%
more
41%
teddy
41%
permanent
39%
bite
38%
fall
38%
eclairs
36%
touch
36%
eat
35%
kill
35%
cake
34%
deep,
34%
Egyptian
34%
being
32%
combative
32%
fire
32%
wait,
32%
combust
31%
DNA's
31%
Full
31%
messed
31%
real,
31%
bark
30%
plate,
30%
balloons,
28%
until
28%
beat
24%
fueling
22%
No matching quizzes found
Score Distribution
Percent of People with Each Score
Percentile by Number Answered
Your Score History
You have not taken this quiz